000 00823nam a2200217 a 4500
999 _c12677
_d12677
001 12677
003 BD-JhCC
005 20221117104341.0
008 221117s2019 bg |||| |||| 000 0 ban d
020 _a9789840420582
035 _a(BD-JhCC)12677
040 _aBD-JhCC
_dBD-JhCC
041 _aBangla
082 _a891.4409
_bSHA 2019
245 _aসাহিত্যজিজ্ঞাসা :
_bসাহিত্যসৃষ্টি ও সাহিত্যবিচার /
_cআবুল কাসেম ফজলুল হক (সম্পা.)
260 _aঢাকা :
_bআগামী প্রকাশনী,
_c২০১৯
300 _a৫৯৭ পৃ. :
_c২২ সেমি.
650 _aBengali Literature
700 _aহক, আবুল কাসেম ফজলুল
942 _2ddc
_cBK